000
00299nam a22001337a 4500
008
181012b xxu||||| |||| 00| 0 eng d
020
_a
9780071814478
041
_a
eng
080
_2
10th
_a
610
100
_a
4
101
_a
SHM
245
_a
Diagnostic Examination
_c
LeBlond,R.F
942
_2
udc
_c
BK
999
_c
49541
_d
49541